000 01334nam a2200337Ia 4500
001 ebr10285259
003 CaPaEBR
006 m u
007 cr cn|||||||||
008 001228s2000 enka sb 001 0 eng d
010 _z 00712977
020 _z076196620X
020 _z0761966218 (pbk.)
020 _z9780761966203
040 _aCaPaEBR
_cCaPaEBR
035 _a(OCoLC)320930719
050 1 4 _aLB2806.15
_b.B87 2000eb
100 1 _aBusher, Hugh.
245 1 0 _aSubject leadership and school improvement
_h[electronic resource] /
_cHugh Busher and Alma Harris with Christine Wise.
260 _aLondon :
_bP. Chapman ;
_aThousand Oaks, CA :
_bSage,
_c2000.
300 _ax, 214 p. :
_bill.
504 _aIncludes bibliographical references (p. 197-210) and index.
533 _aElectronic reproduction.
_bPalo Alto, Calif. :
_cebrary,
_d2009.
_nAvailable via World Wide Web.
_nAccess may be limited to ebrary affiliated libraries.
650 0 _aCurriculum planning
_zGreat Britain.
650 0 _aSchool improvement programs
_zGreat Britain.
655 7 _aElectronic books.
_2local
700 1 _aHarris, Alma,
_d1958-
700 1 _aWise, Christine.
710 2 _aebrary, Inc.
856 4 0 _uhttp://site.ebrary.com/lib/rucke/Doc?id=10285259
_zAn electronic book accessible through the World Wide Web; click to view
999 _c1904
_d1904